Investície v čase finančnej krízy

Bibliographic Details
Main Author: Jakušová, Martina (Author)
Format: Article
Language:Slovak
PhysicalDescription:Fotogr., obr., grafy, tab.
ISSN:1335-1230
Subjects:

MARC

LEADER 00000nab a2200000 a 4500
001 vtls009488592
003 SK-MaSNL
005 20260426070936.0
008 140328c2009 xo zr|p|||||||000 b|slo
015 |a SNBRB2009/03  |2 snkbucl 
038 |a SNKBUCL 
040 |a SNKBUCL  |b slo  |c SNKBUCL  |e AACR2 
041 0 |a slo  |b eng 
044 |a xo  |c SK 
080 |a 336.7:338.124.4  |x (437.6)  |2 2001 
080 |a 338.124.4  |x (437.6)  |2 2001 
100 1 |a Jakušová, Martina  |4 aut  |9 270504 
245 1 0 |a Investície v čase finančnej krízy  |c Martina Jakušová 
300 |b Fotogr., obr., grafy, tab. 
546 |a Res. angl. 
650 0 7 |a finančná kríza  |2 snkbucl  |9 69874 
650 0 7 |a investície  |2 snkbucl  |9 2292 
651 7 |a Slovensko  |2 snkbucl  |9 14231 
773 0 |t ASB  |g Roč. XVI, č. 1-2 (2009), s. 50-53  |x 1335-1230 
852 |a SNK  |b KIS3GCP 
958 |a SK 
999 |c 2672849  |d 2674779